Documentación
Сохранить в:
| Формат: | Текст |
|---|---|
| Опубликовано: |
Madrid:
M.A.P.A.
|
| Метки: |
Добавить метку
Нет меток, Требуется 1-ая метка записи!
|
MARC
| LEADER | 00000 a a2200000 04500 | ||
|---|---|---|---|
| 001 | 29476 | ||
| 003 | |||
| 040 | |||
| 090 | |a 148729 | ||
| 245 | |a Documentación | ||
| 260 | |a Madrid: |b M.A.P.A. | ||
| 300 | |a p. irreg; vol. 3 | ||
| 999 | |c 12825 |d 12825 | ||
